000
00212nam a22000857a 4500
008
170221b xxu||||| |||| 00| 0 eng d
100
_9
2934
_a
Kumar.A.
245
_a
Political Science-VII
260
_a
New Delhi
_b
APC
_c
2009
999
_c
6175
_d
6175